00773nam a2200169 a 450000100100000000500170001000800410002704000250006808200150009310000370010824500540014526000600019930000210025950001280028095201780040899900170058600004509220201002045854.0150202s19uu ag 000 0 spa d aDO-SdBNPbspacBNPHU axxxxbxxxx1 aGuevara, Che,d1928-1967.97311013aEl hombre y el socialismo en Cuba /cChe Guevara. a[Buenos Aires, Argentina :bEdiciones Sintesis,c196?]. a215 p. ;c19 cm. aTítulo de la cubierta : El hombre y el socialismo en Cuba ; Consejos al combatiente ; Pasajes de la guerra revolucionaria 001050718MOaGRbGRcCTd2015-02-02iLF1l0oxxxx xxxxp45092-10r2020-06-25w2020-06-25y1zPerteneció a la biblioteca personal de Germán Emilio Ornes.ZNo se presta c44581d44581